খোদেজা খাতুন ১৯১৭-১৯৯০ / (Record no. 28880)
[ view plain ]
| 000 -LEADER | |
|---|---|
| fixed length control field | 00721nam a22001937a 4500 |
| 003 - CONTROL NUMBER IDENTIFIER | |
| control field | BDDh-ASL |
| 005 - DATE AND TIME OF LATEST TRANSACTION | |
| control field | 20231016062619.0 |
| 008 - FIXED-LENGTH DATA ELEMENTS--GENERAL INFORMATION | |
| fixed length control field | 220609s1993 b ||||| |||| 00| 0 b d |
| 040 ## - CATALOGING SOURCE | |
| Transcribing agency | BDDh-ASL |
| 082 ## - DEWEY DECIMAL CLASSIFICATION NUMBER | |
| Classification number | 920.72 |
| Item number | RAK |
| 100 1# - MAIN ENTRY--PERSONAL NAME | |
| 9 (RLIN) | 6306 |
| Personal name | রহমান, নয়ন |
| 245 1# - TITLE STATEMENT | |
| Title | খোদেজা খাতুন ১৯১৭-১৯৯০ / |
| 246 ## - VARYING FORM OF TITLE | |
| Title proper/short title | khodeza Khatun 1917-1990 / |
| 260 ## - PUBLICATION, DISTRIBUTION, ETC. | |
| Place of publication, distribution, etc. | ঢাকা: |
| Name of publisher, distributor, etc. | বাংলা একাডেমী, |
| Date of publication, distribution, etc. | ১৯৯৩। |
| 300 ## - PHYSICAL DESCRIPTION | |
| Extent | ৯৫ পৃষ্ঠা: |
| Dimensions | ২২ সে.মি. |
| 504 ## - BIBLIOGRAPHY, ETC. NOTE | |
| Bibliography, etc. note | গ্রন্থপঞ্জি সংযুক্ত । |
| 650 #0 - SUBJECT ADDED ENTRY--TOPICAL TERM | |
| Topical term or geographic name entry element | biographical dictionary - চরিতাভিধান |
| 9 (RLIN) | 4665 |
| 942 ## - ADDED ENTRY ELEMENTS (KOHA) | |
| Source of classification or shelving scheme | Dewey Decimal Classification |
| Koha item type | Books |
| Withdrawn status | Lost status | Source of classification or shelving scheme | Damaged status | Not for loan | Collection code | Home library | Current library | Shelving location | Date acquired | Source of acquisition | Total Checkouts | Full call number | Barcode | Date last seen | Copy number | Price effective from | Koha item type |
|---|---|---|---|---|---|---|---|---|---|---|---|---|---|---|---|---|---|
| Dewey Decimal Classification | Non-fiction | Asiatic Society Library | Asiatic Society Library | General Stacks | 06/09/2022 | Donated by A.K.M. Azizul Haque and Prof. Husniara Huq | 920.72 RAK | 116976 | 06/09/2022 | C-1 | 06/09/2022 | Books |